MLB Teams by Home State - Statistics

General Stats
  • This quiz has been taken 11 times
  • The average score is 28 of 30
Answer Stats
Hint Answer % Correct
Texas (Houston) Astros
100%
Canada Blue Jays
100%
Missouri (Saint Louis) Cardinals
100%
Illinois (Chicago: North Side) Cubs
100%
Arizona Diamondbacks
100%
Florida (Miami) Marlins
100%
New York (Queens) Mets
100%
Virginia (D.C.) Nationals
100%
California (San Diego) Padres
100%
Pennsylvania (Philadelphia) Phillies
100%
Pennsylvania (Pittsburgh) Pirates
100%
Massachussets Red Sox
100%
Illinois (Chicago: South Side) White Sox
100%
New York (Bronx) Yankees
100%
Nevada (Not Yet) Athletics
89%
Georgia Braves
89%
Wisconsin Brewers
89%
California (Los Angeles) Dodgers
89%
California (San Fransisco) Giants
89%
Ohio (Cleveland) Guardians
89%
Washington Mariners
89%
Texas Rangers
89%
Florida (Tampa Bay) Rays
89%
Ohio (Cincinatti) Reds
89%
Colorado Rockies
89%
Missouri (Kansas City) Royals
89%
Michigan Tigers
89%
Minnesota Twins
89%
California (Anaheim) Angels
78%
Maryland Orioles
78%
No matching quizzes found
Score Distribution
Percent of People with Each Score
Percentile by Number Answered
Your Score History
You have not taken this quiz